Hỏi đáp về cây mía và kỹ thuật trồng
Wedi'i Gadw mewn:
| Prif Awdur: | |
|---|---|
| Fformat: | Llyfr |
| Iaith: | Undetermined |
| Cyhoeddwyd: |
H.
Nông Nghiệp
2001
|
| Pynciau: | |
| Tagiau: |
Ychwanegu Tag
Dim Tagiau, Byddwch y cyntaf i dagio'r cofnod hwn!
|
| Thư viện lưu trữ: | Trung tâm Học liệu Trường Đại học Cần Thơ |
|---|
| LEADER | 00536nam a2200193Ia 4500 | ||
|---|---|---|---|
| 001 | CTU_57128 | ||
| 008 | 210402s9999 xx 000 0 und d | ||
| 020 | |b 9500 | ||
| 082 | |a 633.61 | ||
| 082 | |b Ư557 | ||
| 100 | |a Nguyễn Huy Ước | ||
| 245 | 0 | |a Hỏi đáp về cây mía và kỹ thuật trồng | |
| 245 | 0 | |c Nguyễn Huy Ước | |
| 260 | |a H. | ||
| 260 | |b Nông Nghiệp | ||
| 260 | |c 2001 | ||
| 650 | |a sugarcane | ||
| 650 | |x planting | ||
| 980 | |a Trung tâm Học liệu Trường Đại học Cần Thơ | ||